| 000 | 00946nam a22003017a 4500 | ||
|---|---|---|---|
| 003 | DO-SdBNP | ||
| 005 | 20180220100322.0 | ||
| 008 | 151026b 1992 sp a |||| 00| 0 spa d | ||
| 010 | _a00260 | ||
| 020 | _a8434816067 | ||
| 040 |
_aBPMSU _bspa _cBPMSU |
||
| 092 |
_axxxxx _bxxxxx |
||
| 100 | 1 |
_aCarvajal, Victor _d1944- |
|
| 245 | 1 | 0 |
_aCuentatrapos / _cVíctor Carvajal ; ilustraciones y cubierta Fuencisla del Amo. |
| 250 | _a12ª ed. | ||
| 260 |
_aMadrid : _bEdiciones SM, _c1992. |
||
| 300 |
_a113 p. : _bil. _c19 cm. |
||
| 490 |
_aEl barco de vapor _v26 _6Serie Roja |
||
| 500 | _aIncluye datos del autor en la solapa de la contracubierta. | ||
| 521 | _aA partir de 12 años. | ||
| 586 | _aPrimer premio Barco de Vapor 1984. | ||
| 700 |
_aAmo, Fuencisla del, _eil. |
||
| 830 |
_aEl barco de vapor ; _n26 _gSerie Roja |
||
| 910 | _a00260 | ||
| 942 |
_2ddc _cBK |
||
| 945 | _aInventariado, 2018/ YL | ||
| 956 | _2Lorenza Pérez | ||
| 999 |
_c8457 _d8457 |
||